| 000 -CABECERA |
| campo de control de longitud fija |
00981nib a2200277ua 4500 |
| 001 - NÚMERO DE CONTROL |
| campo de control |
000083452 |
| 003 - IDENTIFICADOR DEL NÚMERO DE CONTROL |
| campo de control |
OSt |
| 005 - FECHA Y HORA DE LA ÚLTIMA TRANSACCIÓN |
| campo de control |
20230918173753.0 |
| 008 - DATOS DE LONGITUD FIJA--INFORMACIÓN GENERAL |
| campo de control de longitud fija |
170809s1995 ck 049 e | z|spa d |
| 040 ## - FUENTE DE LA CATALOGACIÓN |
| Centro/agencia transcriptor |
CO-MqBPB |
| 041 ## - CÓDIGO DE LENGUA |
| Código de lengua del texto/banda sonora o título independiente |
spa |
| 043 ## - CÓDIGO DE ÁREA GEOGRÁFICA |
| Código de área geográfica |
s-ck--- |
| 082 04 - NÚMERO DE LA CLASIFICACIÓN DECIMAL DEWEY |
| Número de clasificación |
860.322 |
| Número de documento/Ítem |
D86p |
| Número de edición |
21 |
| 100 1# - ENTRADA PRINCIPAL--NOMBRE DE PERSONA |
| Nombre de persona |
Casas de Dupuy, Cecilia |
| 245 10 - MENCIÓN DE TÍTULO |
| Título |
El poeta José Martí (Conferencia) : |
| Resto del título |
[disco sonoro] / |
| Mención de responsabilidad, etc. |
por Cecilia Casas de Dupuy. |
| 260 ## - PUBLICACIÓN, DISTRIBUCIÓN, ETC. |
| Lugar de publicación, distribución, etc. |
Bogotá : |
| Nombre del editor, distribuidor, etc. |
Casa de Poesía Silva, |
| Fecha de publicación, distribución, etc. |
1995. |
| 300 ## - DESCRIPCIÓN FÍSICA |
| Extensión |
1 disco compacto : |
| Otras características físicas |
sonido |
| Material acompañante/anejo |
(49 min.) |
| 490 #0 - MENCIÓN DE SERIE |
| Mención de serie |
Voces para el tiempo |
| Designación de volumen o secuencia |
322 |
| 500 ## - NOTA GENERAL |
| Nota general |
30 de Noviembre de 1995 |
| 600 14 - PUNTO DE ACCESO ADICIONAL DE MATERIA--NOMBRE DE PERSONA |
| Nombre de persona |
Martí, José |
| Fechas asociadas al nombre |
1853-1895 |
| Subdivisión de forma |
Congresos, conferencias, etc. |
| Subdivisión general |
Homenajes postumos |
| 650 14 - PUNTO DE ACCESO ADICIONAL DE MATERIA--TÉRMINO DE MATERIA |
| Término de materia o nombre geográfico como elemento de entrada |
Poesía cubana |
| Subdivisión de forma |
Congresos, conferencias, etc. |
| Subdivisión general |
Historia y crítica |
| 650 24 - PUNTO DE ACCESO ADICIONAL DE MATERIA--TÉRMINO DE MATERIA |
| Término de materia o nombre geográfico como elemento de entrada |
Poetas |
| Subdivisión general |
Crítica e interpretación |
| 700 1# - PUNTO DE ACCESO ADICIONAL--NOMBRE DE PERSONA |
| Nombre de persona |
Carranza, María Mercedes |
| Fechas asociadas al nombre |
1945-2003 |
| Término indicativo de función/relación |
Anuncio |
| 700 1# - PUNTO DE ACCESO ADICIONAL--NOMBRE DE PERSONA |
| Nombre de persona |
Casas, Cecilia Dupuy de |
| Término indicativo de función/relación |
Conferencias |
| 942 ## - ELEMENTOS DE PUNTO DE ACCESO ADICIONAL (KOHA) |
| Fuente del sistema de clasificación o colocación |
|
| Tipo de ítem Koha |
CDROM |